Complex abelian varieties
Bewaard in:
| Hoofdauteur: | |
|---|---|
| Formaat: | Boek |
| Taal: | Undetermined |
| Gepubliceerd in: |
Germany
Springer
2004
|
| Onderwerpen: | |
| Tags: |
Voeg label toe
Geen labels, Wees de eerste die dit record labelt!
|
| Thư viện lưu trữ: | Trung tâm Học liệu Trường Đại học Cần Thơ |
|---|
| LEADER | 00509nam a2200193Ia 4500 | ||
|---|---|---|---|
| 001 | CTU_92692 | ||
| 008 | 210402s9999 xx 000 0 und d | ||
| 020 | |c 123.96 | ||
| 082 | |a 516.353 | ||
| 082 | |b B619 | ||
| 100 | |a Birkenhake, Christina | ||
| 245 | 0 | |a Complex abelian varieties | |
| 245 | 0 | |c Christina Birkenhake, herbert Lange | |
| 260 | |a Germany | ||
| 260 | |b Springer | ||
| 260 | |c 2004 | ||
| 650 | |a Riemann surfaces | ||
| 904 | |i Năm | ||
| 980 | |a Trung tâm Học liệu Trường Đại học Cần Thơ | ||